[Event "1800-2200 10 Player Round Robin"]
[Site "SchemingMind.com"]
[Date "2012.04.07"]
[Round "-"]
[White "emvarela"]
[Black "Majoanis"]
[Result "1-0"]
[WhiteCountry "ARG"]
[BlackCountry "CAN"]
[WhiteElo "1743"]
[WhiteRD "46"]
[BlackElo "1687"]
[BlackRD "53"]
[GameID "307726"]

1. e4 Nf6 2. e5 Nd5 3. d4 d6 4. Nf3 Bg4 5. Be2 e6 6. O-O Be7 7. c4 Nb6 8. Nc3 O-O 9. Be3 d5 10. c5 Nc8
11. h3 Bxf3 12. Bxf3 Nc6 13. a3 f6 14. exf6 Bxf6 15. b4 N8e7 16. Qd2 Nf5 17. Rfe1 Bxd4 18. Bxd4 Ncxd4 19. Qd3 Nxf3+ 20. Qxf3 Nd4
21. Qd3 Qf6 22. Ne2 Qxf2+ 23. Kh1 Nxe2 24. Rxe2 Qf6 25. Rae1 Rae8 26. Qg3 c6 27. Qd6 h6 28. Rxe6 Rxe6 29. Rxe6 Qa1+ 30. Kh2
1-0

[Event "1800-2200 10 Player Round Robin"]
[Site "SchemingMind.com"]
[Date "2012.04.07"]
[Round "-"]
[White "emvarela"]
[Black "smothered mate"]
[Result "0-1"]
[WhiteCountry "ARG"]
[BlackCountry "POL"]
[WhiteElo "1743"]
[WhiteRD "46"]
[BlackElo "1979"]
[BlackRD "65"]
[GameID "307727"]

1. e4 c5 2. Nf3 d6 3. d4 cxd4 4. Nxd4 Nf6 5. Nc3 g6 6. Be3 Bg7 7. f3 a6 8. Qd2 Nbd7 9. O-O-O b5 10. g4 Bb7
11. h4 h5 12. g5 Nh7 13. Bh3 Nc5 14. Nb3 Nxb3+ 15. axb3 Qa5 16. Nb1 Qa1 17. Bd4 Bxd4 18. Qxd4 O-O 19. f4 Bc8 20. Bxc8 Rfxc8
21. f5 Rc5 22. fxg6 fxg6 23. c3 Rac8 24. Kc2 Nf8 25. Rhf1 Ne6 26. Qd3 b4 27. e5 bxc3 28. Nxc3 Qa2 29. Qxg6+ Ng7 30. Qf7+ Kh8
31. g6 Rxc3+
0-1

[Event "1800-2200 10 Player Round Robin"]
[Site "SchemingMind.com"]
[Date "2012.04.07"]
[Round "-"]
[White "emvarela"]
[Black "Teagy"]
[Result "0-1"]
[WhiteCountry "ARG"]
[BlackCountry "ENG"]
[WhiteElo "1746"]
[WhiteRD "46"]
[BlackElo "1764"]
[BlackRD "70"]
[GameID "307728"]

1. e4 d5 2. exd5 Nf6 3. d4 Nxd5 4. Nf3 g6 5. c4 Nb6 6. c5 Nd5 7. Bc4 Bg7 8. Nc3 c6 9. Bxd5 cxd5 10. Be3 O-O
11. O-O Bg4 12. h3 Bxf3 13. Qxf3 e6 14. b4 Nc6 15. a3 Nxd4 16. Bxd4 Bxd4 17. Rac1 Qd7 18. Ne2 Bg7 19. Ng3 e5 20. Rcd1 d4
21. Rd3 f5 22. Qe2 e4 23. Qa2+ Kh8 24. Rd2 Rad8 25. Ne2 g5 26. Rfd1 d3 27. Ng3 Qc6 28. Nf1 Bc3 29. Ne3 Bxd2 30. Qxd2 Qf6
31. Nc4 b6 32. cxb6 axb6 33. Qe3 b5 34. Nd2 Rfe8 35. Qc5 Re5 36. Qc1 Qg7 37. Nf1 f4 38. g3 Ree8 39. Qc5 Qe5 40. Qxe5+ Rxe5
41. gxf4 gxf4 42. Kg2 Rg8+
0-1

[Event "1800-2200 10 Player Round Robin"]
[Site "SchemingMind.com"]
[Date "2012.04.07"]
[Round "-"]
[White "emvarela"]
[Black "rookie31"]
[Result "0-1"]
[WhiteCountry "ARG"]
[BlackCountry "IND"]
[WhiteElo "1740"]
[WhiteRD "47"]
[BlackElo "2194"]
[BlackRD "60"]
[GameID "307729"]

1. e4 c6 2. d4 d5 3. Nc3 dxe4 4. Nxe4 Bf5 5. Ng3 Bg6 6. h4 h6 7. h5 Bh7 8. Nf3 e6 9. Bf4 Nf6 10. Qd2 Nd5
11. Bxb8 Rxb8 12. Bd3 Bxd3 13. Qxd3 Qa5+ 14. c3 Nf4 15. Qe4 Bd6 16. Ne5 Bxe5 17. dxe5 Qxe5 18. Qxe5 Nd3+ 19. Ke2 Nxe5 20. Rad1 Ke7
21. Rd2 Nc4 22. Rc2 Rhd8 23. Rh4 b5 24. b3 Nd6 25. Rd2 a5 26. Ne4 Nxe4 27. Rxe4 Rxd2+ 28. Kxd2 Rd8+ 29. Kc2 Rd5 30. a4 Rxh5
31. axb5 cxb5 32. c4 bxc4 33. Rxc4 Rg5 34. g4 f5 35. Rc5 fxg4 36. Rc7+ Kf6 37. Rc4 h5
0-1

[Event "1800-2200 10 Player Round Robin"]
[Site "SchemingMind.com"]
[Date "2012.04.07"]
[Round "-"]
[White "emvarela"]
[Black "Adrian Grajczak"]
[Result "1-0"]
[WhiteCountry "ARG"]
[BlackCountry "POL"]
[WhiteElo "1697"]
[WhiteRD "45"]
[BlackElo "2118"]
[BlackRD "65"]
[GameID "307730"]

1. e4 d6 2. d4 Nf6 3. Nc3 e5 4. Nf3 Nbd7 5. Bc4 Be7 6. O-O O-O 7. Re1 c6 8. Bg5 Qc7 9. Bxf6 Nxf6 10. dxe5 dxe5
11. h3 b5 12. Bb3 a5 13. a3 h6 14. Qe2 Ba6 15. Qe3 Nd7 16. Rad1 Nc5 17. Ba2 b4 18. axb4 axb4 19. Ne2 Bxe2 20. Bxf7+ Rxf7
21. Rxe2
1-0

[Event "1800-2200 10 Player Round Robin"]
[Site "SchemingMind.com"]
[Date "2012.04.10"]
[Round "-"]
[White "Greg Magne"]
[Black "emvarela"]
[Result "1-0"]
[WhiteCountry "CAN"]
[BlackCountry "ARG"]
[WhiteElo "1830"]
[WhiteRD "83"]
[BlackElo "1740"]
[BlackRD "47"]
[GameID "307731"]

1. e4 e5 2. Nf3 Nc6 3. Bb5 f5 4. Nc3 Nf6 5. exf5 Nd4 6. Nxe5 c6 7. Bd3 Qc7 8. O-O Bd6 9. Ng4 h5 10. Nxf6+ gxf6
11. g3 h4 12. Qg4 hxg3 13. Qg6+
1-0

[Event "1800-2200 10 Player Round Robin"]
[Site "SchemingMind.com"]
[Date "2012.04.10"]
[Round "-"]
[White "e_castle3"]
[Black "emvarela"]
[Result "1-0"]
[WhiteCountry "PHI"]
[BlackCountry "ARG"]
[WhiteElo "1878"]
[WhiteRD "62"]
[BlackElo "1697"]
[BlackRD "45"]
[GameID "307732"]

1. e4 e5 2. Nf3 Nc6 3. g3 Bc5 4. d3 Nf6 5. Bg2 d6 6. O-O O-O 7. Nc3 h6 8. a3 Bg4 9. h3 Bxf3 10. Bxf3 Nd4
11. Bg2 Nh7 12. Nd5 c6 13. Ne3 f5 14. c3 fxe4 15. cxd4 exd4 16. Nc4 b5 17. b4 bxc4 18. bxc5 exd3 19. Bxc6 Rc8 20. Bd5+ Kh8
21. Bxc4 dxc5 22. Qxd3 Rc6 23. a4 Ng5 24. h4 Nf3+ 25. Kg2 Ne5 26. Qb3 Nxc4 27. Qxc4 Rg6 28. Kh2 Qc7 29. Ra3 Qe5 30. Bd2 Rxf2+
31. Rxf2
1-0

[Event "1800-2200 10 Player Round Robin"]
[Site "SchemingMind.com"]
[Date "2012.04.10"]
[Round "-"]
[White "jdcald13"]
[Black "emvarela"]
[Result "1-0"]
[WhiteCountry "USA"]
[BlackCountry "ARG"]
[WhiteElo "1998"]
[WhiteRD "73"]
[BlackElo "1740"]
[BlackRD "47"]
[GameID "307733"]

1. c4 c5 2. Nc3 Nc6 3. g3 Nf6 4. Bg2 g6 5. Nf3 Bg7 6. O-O O-O 7. a3 d6 8. Rb1 Na5 9. d3 Rb8 10. b4 cxb4
11. axb4 Nc6 12. b5 Na5 13. Bb2 b6 14. Nd4 Bb7 15. Nc6 Bxc6 16. bxc6 Qc7 17. Nb5 Qc8 18. c7 Rb7 19. Bxb7 Qxb7 20. Bc3 Nc6
21. Qa4 Nd7 22. Bxg7 Kxg7 23. Nxa7 Nxa7 24. Qxd7
1-0

[Event "1800-2200 10 Player Round Robin"]
[Site "SchemingMind.com"]
[Date "2012.04.07"]
[Round "-"]
[White "Majoanis"]
[Black "emvarela"]
[Result "0-1"]
[WhiteCountry "CAN"]
[BlackCountry "ARG"]
[WhiteElo "1687"]
[WhiteRD "53"]
[BlackElo "1743"]
[BlackRD "46"]
[GameID "307734"]

1. c4 c5 2. Nf3 g6 3. g3 Bg7 4. Bg2 Nc6 5. O-O Nf6 6. d4 cxd4 7. Nxd4 O-O 8. Nc3 Nxd4 9. Qxd4 d6 10. Qd3 Bf5
11. e4 Be6 12. Bd2 Rb8 13. Rac1 a6 14. b3 Nd7 15. Qe2 Qc7 16. Nd5 Bxd5 17. cxd5 Qb6 18. Be3 Qa5 19. Rc2 Rbc8 20. Rfc1 Rxc2
21. Qxc2 f5 22. Qc7 Qxc7 23. Rxc7 Rd8 24. exf5 gxf5 25. Rxb7 Bf6 26. b4 Kf7 27. a4 Ne5 28. b5 axb5 29. axb5 Nc4 30. b6 Nxe3
0-1

[Event "1800-2200 10 Player Round Robin"]
[Site "SchemingMind.com"]
[Date "2012.04.10"]
[Round "-"]
[White "smothered mate"]
[Black "emvarela"]
[Result "1-0"]
[WhiteCountry "POL"]
[BlackCountry "ARG"]
[WhiteElo "1979"]
[WhiteRD "65"]
[BlackElo "1743"]
[BlackRD "46"]
[GameID "307735"]

1. e4 e5 2. f4 exf4 3. Nf3 g5 4. h4 g4 5. Ne5 d6 6. Nxg4 Be7 7. Bc4 Bxh4+ 8. Kf1 Qg5 9. Be2 Bxg4 10. Bxg4 Nf6
11. Bf3 Nbd7 12. d4 O-O-O 13. Nc3 c5 14. Ne2 Nh5 15. c3 Ng3+ 16. Nxg3 Qxg3 17. Qe2 f5 18. Rh3 Qg5 19. exf5 Rde8 20. Be3 Rxe3
21. Qb5 Rxf3+ 22. Rxf3 Bg3 23. dxc5 Qxf5 24. b4 dxc5 25. Rd1 Rd8 26. Rfd3 a6 27. Qa4 cxb4 28. cxb4 Qb5 29. Qc2+ Kb8 30. Qe2 f3
31. gxf3 Qh5 32. Qg2 Qb5 33. Qxg3+ Ka8 34. Qc7 Rf8 35. Qxd7
1-0

[Event "1800-2200 10 Player Round Robin"]
[Site "SchemingMind.com"]
[Date "2012.04.10"]
[Round "-"]
[White "Teagy"]
[Black "emvarela"]
[Result "1-0"]
[WhiteCountry "ENG"]
[BlackCountry "ARG"]
[WhiteElo "1826"]
[WhiteRD "69"]
[BlackElo "1743"]
[BlackRD "46"]
[GameID "307736"]

1. e4 e5 2. f4 exf4 3. Nf3 g5 4. h4 g4 5. Ne5 d6 6. Nxg4 Be7 7. d3 Bxh4+ 8. Nf2 Bg3 9. Qf3 Qg5 10. Nc3 Bg4
11. Qxg3 fxg3 12. Bxg5 gxf2+ 13. Kxf2 c6 14. d4 f6 15. Bf4 Kd7 16. e5 fxe5 17. dxe5 d5 18. g3 Ne7 19. Bh3 Bxh3 20. Rxh3 Na6
21. Rah1 Nb4 22. Rxh7 Rxh7 23. Rxh7 Nxc2 24. Nb1 Ke6 25. Nd2 Nf5 26. Nf3 b6 27. Ng5#
1-0

[Event "1800-2200 10 Player Round Robin"]
[Site "SchemingMind.com"]
[Date "2012.04.10"]
[Round "-"]
[White "rookie31"]
[Black "emvarela"]
[Result "1-0"]
[WhiteCountry "IND"]
[BlackCountry "ARG"]
[WhiteElo "2194"]
[WhiteRD "60"]
[BlackElo "1740"]
[BlackRD "47"]
[GameID "307737"]

1. d4 Nf6 2. c4 e6 3. Nf3 Bb4+ 4. Bd2 Bxd2+ 5. Nbxd2 O-O 6. e4 d5 7. e5 Nh5 8. Qb3 dxc4 9. Bxc4 Nc6 10. Qe3 f6
11. g4 fxe5 12. gxh5 Nxd4 13. O-O-O Nxf3 14. Nxf3 Qf6 15. Nxe5 Qxf2 16. Qxf2 Rxf2 17. Rhf1 Rxf1 18. Rxf1 a6 19. h6 gxh6 20. Bd3 b5
21. Rf7
1-0

[Event "1800-2200 10 Player Round Robin"]
[Site "SchemingMind.com"]
[Date "2012.04.10"]
[Round "-"]
[White "Adrian Grajczak"]
[Black "emvarela"]
[Result "1-0"]
[WhiteCountry "POL"]
[BlackCountry "ARG"]
[WhiteElo "2119"]
[WhiteRD "64"]
[BlackElo "1746"]
[BlackRD "46"]
[GameID "307738"]

1. e4 e5 2. Nf3 Nc6 3. Bb5 f5 4. Nc3 Nf6 5. exf5 Nd4 6. Nxe5 c6 7. Bd3 Qc7 8. Nf3 Qf4 9. Nxd4 Qxd4 10. Qe2+ Be7
11. O-O Kf7 12. b3 Re8 13. Qf3 d5 14. Bb2 Qg4 15. Qxg4 Nxg4 16. h3 Nf6 17. Rfe1 Bd7 18. Ne2 Bd6 19. g4 Ne4 20. Bxe4 Rxe4
21. Ng3 Bxg3 22. fxg3 Rae8 23. Rxe4 Rxe4 24. Kf2 c5 25. d3 Re7 26. Rf1 d4 27. Bc1 Bc6 28. Bf4 h6 29. Bd6 Re3 30. Re1 Rf3+
31. Kg1 Re3 32. Rxe3 dxe3 33. Bxc5 e2 34. Bb4
1-0

[Event "1800-2200 10 Player Round Robin"]
[Site "SchemingMind.com"]
[Date "2012.04.07"]
[Round "-"]
[White "lipekhetman"]
[Black "Greg Magne"]
[Result "1-0"]
[WhiteCountry "POL"]
[BlackCountry "CAN"]
[WhiteElo "2023"]
[WhiteRD "79"]
[BlackElo "1701"]
[BlackRD "93"]
[GameID "307770"]

1. d4 d5 2. c4 e6 3. Nc3 c6 4. e4 dxe4 5. Nxe4 Bb4+ 6. Bd2 Qxd4 7. Bxb4 Qxe4+ 8. Be2 Na6 9. Bc3 Nf6 10. Nf3 O-O
11. O-O Bd7 12. Bd3 Qg4 13. h3 Qh5 14. Re1 Ne8 15. Re5 f5 16. Bxf5 exf5 17. Qxd7 Nac7 18. Rae1 Qf7 19. Re7 Qg6 20. Nh4 Qd6
21. Rxg7+
1-0

[Event "1800-2200 10 Player Round Robin"]
[Site "SchemingMind.com"]
[Date "2012.04.08"]
[Round "-"]
[White "lipekhetman"]
[Black "e_castle3"]
[Result "1-0"]
[WhiteCountry "POL"]
[BlackCountry "PHI"]
[WhiteElo "2073"]
[WhiteRD "66"]
[BlackElo "1883"]
[BlackRD "64"]
[GameID "307771"]

1. d4 d5 2. c4 e6 3. Nc3 Nf6 4. Bg5 Be7 5. e3 h6 6. Bh4 a6 7. Nf3 Nc6 8. Rc1 O-O 9. Bd3 Nb4 10. O-O Nxd3
11. Qxd3 dxc4 12. Qxc4 Ne8 13. Bg3 b5 14. Qb3 Bd6 15. e4 Bxg3 16. hxg3 Qd6 17. e5 Qb6 18. d5 Kh8 19. Rfd1 Rb8 20. Nd4 Bd7
21. Qb4 Kg8 22. Qe7 b4 23. Qxd7 bxc3 24. Rxc3 exd5 25. Rb3
1-0

[Event "1800-2200 10 Player Round Robin"]
[Site "SchemingMind.com"]
[Date "2012.04.07"]
[Round "-"]
[White "lipekhetman"]
[Black "jdcald13"]
[Result "1-0"]
[WhiteCountry "POL"]
[BlackCountry "USA"]
[WhiteElo "2131"]
[WhiteRD "62"]
[BlackElo "1998"]
[BlackRD "73"]
[GameID "307772"]

1. d4 c5 2. d5 Nf6 3. c4 b5 4. Nd2 bxc4 5. e4 Qa5 6. Bxc4 Nxe4 7. Nf3 Bb7 8. O-O Nf6 9. Nb3 Qc7 10. Re1 e6
11. dxe6 fxe6 12. Qe2 Be7 13. Bg5 O-O 14. Rad1 Kh8 15. Qe5 Qxe5 16. Nxe5 d5 17. Bb5 a6 18. Ba4 Kg8 19. Ng4 Bc8 20. Bxf6 gxf6
21. Nh6+ Kh8 22. Nf5 Bd8 23. Nd6 c4 24. Nc5 Ba5 25. Nxe6 Bxe6 26. Rxe6 c3 27. bxc3 Bxc3 28. Re7 Bb4 29. Rxd5 a5 30. Rh5 Rd8
31. Bb3
1-0

[Event "1800-2200 10 Player Round Robin"]
[Site "SchemingMind.com"]
[Date "2012.04.07"]
[Round "-"]
[White "lipekhetman"]
[Black "Majoanis"]
[Result "1-0"]
[WhiteCountry "POL"]
[BlackCountry "CAN"]
[WhiteElo "2131"]
[WhiteRD "62"]
[BlackElo "1777"]
[BlackRD "54"]
[GameID "307773"]

1. d4 Nf6 2. c4 g6 3. Nc3 d5 4. cxd5 Nxd5 5. e4 Nxc3 6. bxc3 Bg7 7. Bc4 c5 8. Be3 O-O 9. Ne2 Nc6 10. O-O Bd7
11. Rb1 a6 12. dxc5 Na5 13. Bd3 Qc7 14. Nf4 e6 15. Qc1 Nc6 16. Qb2 Rab8 17. Rfd1 Ne5 18. Be2 Bc6 19. f3 Rfd8 20. Qb4 Rxd1+
21. Rxd1 Rd8 22. Rd4 Nd7 23. Rd1 Ne5 24. Rd6 Bf8 25. Rd4 Bg7 26. Qb6 Qxb6 27. cxb6 Nd7 28. Rd3 Bb5 29. c4 Bc6 30. g3 Rc8
31. Kg2 Ne5 32. Rd1 Ba4 33. Rc1 Bf8 34. c5 Nd7 35. h3 Nxc5 36. Nd3 Bb5 37. Nxc5 Bxe2 38. Nxb7
1-0

[Event "1800-2200 10 Player Round Robin"]
[Site "SchemingMind.com"]
[Date "2012.04.08"]
[Round "-"]
[White "lipekhetman"]
[Black "smothered mate"]
[Result "1-0"]
[WhiteCountry "POL"]
[BlackCountry "POL"]
[WhiteElo "2131"]
[WhiteRD "62"]
[BlackElo "1936"]
[BlackRD "62"]
[GameID "307774"]

1. d4 d5 2. c4 e6 3. Nc3 c5 4. cxd5 exd5 5. Nf3 Nc6 6. g3 c4 7. Bg2 Bb4 8. O-O Nge7 9. a3 Ba5 10. b4 Bb6
11. b5 Na5 12. Rb1 Bf5 13. e4 dxe4 14. Nh4 Qxd4 15. Nxf5 Nxf5 16. Nxe4 Qxd1 17. Rxd1 O-O 18. Bd2 Rac8 19. Bh3 Nd4 20. Bxa5
1-0

[Event "1800-2200 10 Player Round Robin"]
[Site "SchemingMind.com"]
[Date "2012.04.07"]
[Round "-"]
[White "lipekhetman"]
[Black "Teagy"]
[Result "1-0"]
[WhiteCountry "POL"]
[BlackCountry "ENG"]
[WhiteElo "2131"]
[WhiteRD "62"]
[BlackElo "1829"]
[BlackRD "74"]
[GameID "307775"]

1. d4 e6 2. c4 Nf6 3. Nc3 c5 4. d5 exd5 5. cxd5 d6 6. e4 g6 7. Nf3 a6 8. Nd2 b5 9. Be2 b4 10. Na4 Bg7
11. O-O O-O 12. Nc4 Nxe4 13. Nab6 Ra7 14. Nxc8 Qxc8 15. Bf3 Nf6 16. Nxd6 Qd7 17. Bf4 a5 18. Re1 Na6 19. Nc4 Qd8 20. d6 Ne8
21. Qd2 Rd7 22. Bc6 Ra7 23. Bxe8 Rxe8 24. Rxe8+ Qxe8 25. Re1 Qd8 26. Bg5 Bf6 27. Bxf6 Qxf6 28. d7
1-0

[Event "1800-2200 10 Player Round Robin"]
[Site "SchemingMind.com"]
[Date "2012.04.07"]
[Round "-"]
[White "lipekhetman"]
[Black "rookie31"]
[Result "0-1"]
[WhiteCountry "POL"]
[BlackCountry "IND"]
[WhiteElo "2073"]
[WhiteRD "66"]
[BlackElo "2202"]
[BlackRD "65"]
[GameID "307776"]

1. d4 Nf6 2. c4 e6 3. Nc3 d5 4. Bg5 Nbd7 5. Nf3 c6 6. e3 Qa5 7. Nd2 Bb4 8. Qc2 dxc4 9. Bxf6 Nxf6 10. Nxc4 Qh5
11. Qb3 Be7 12. Be2 Qh4 13. O-O O-O 14. Ne5 Bd6 15. f4 Nd5 16. Rf3 Qd8 17. Raf1 f6 18. Nd3 a5 19. e4 Nxc3 20. bxc3 a4
21. Qc2 Ba3 22. Nc5 Bxc5 23. dxc5 Qa5 24. f5 Qxc5+ 25. Kh1 b5 26. Bd3 exf5 27. exf5 Re8 28. Qf2 Qxf2 29. R3xf2 Kf7 30. c4 b4
31. c5 Ra5 32. Bc4+ Kf8 33. Rb2 Rxc5 34. Rxb4 Rxc4 35. Rxc4 Ba6 36. Rcc1 Bxf1 37. Rxf1 a3 38. h3 Re2 39. Ra1 h5 40. Kh2 h4
41. Kg1 Ke7 42. Kf1 Rd2 43. Kg1 Kd6 44. Kf1 Ke5
0-1

[Event "1800-2200 10 Player Round Robin"]
[Site "SchemingMind.com"]
[Date "2012.04.10"]
[Round "-"]
[White "lipekhetman"]
[Black "emvarela"]
[Result "1-0"]
[WhiteCountry "POL"]
[BlackCountry "ARG"]
[WhiteElo "2131"]
[WhiteRD "62"]
[BlackElo "1740"]
[BlackRD "47"]
[GameID "307777"]

1. d4 Nf6 2. c4 e6 3. Nc3 Bb4 4. Nf3 c5 5. g3 Ne4 6. Bd2 Nxd2 7. Qxd2 Nc6 8. a3 Bxc3 9. Qxc3 cxd4 10. Nxd4 Nxd4
11. Qxd4 O-O 12. Bg2 a6 13. O-O Rb8 14. Qa7 b6 15. Qxb8
1-0

[Event "1800-2200 10 Player Round Robin"]
[Site "SchemingMind.com"]
[Date "2012.04.07"]
[Round "-"]
[White "lipekhetman"]
[Black "Adrian Grajczak"]
[Result "0-1"]
[WhiteCountry "POL"]
[BlackCountry "POL"]
[WhiteElo "2135"]
[WhiteRD "64"]
[BlackElo "2118"]
[BlackRD "65"]
[GameID "307778"]

1. d4 Nf6 2. c4 e6 3. Nf3 d5 4. Nc3 Bb4 5. Bg5 Nbd7 6. e3 c5 7. cxd5 exd5 8. Be2 Qa5 9. O-O Bxc3 10. bxc3 c4
11. Qc2 Ne4 12. Rfc1 Nb6 13. Bf4 O-O 14. Ng5 Bf5 15. Nxe4 Bxe4 16. Qd2 Na4 17. Bg4 f5 18. Be2 Rac8 19. Be5 Rc6 20. h4 Qa6
21. f3 Bd3 22. Bd1 Rb6 23. h5 Rb2 24. Qe1 b5 25. Qh4 Qh6 26. Bf4 Qe6 27. h6 Qg6 28. g3 gxh6 29. Bxh6 Re8 30. Bf4 Re6
31. Bg5 Qe8 32. Bh6 Nb6 33. Bf4 a5 34. a3 Nd7 35. Qg5+ Rg6 36. Qh4 Nf6 37. Be5 Nh5 38. g4 Ng7 39. Bf4 Ne6 40. Qg3 h5
41. Be5 hxg4 42. fxg4 fxg4 43. a4 Qf7 44. Bc2 Ng5 45. Rab1 Nh3+ 46. Kh2 Qh7 47. Kg2 Be4+ 48. Kf1 Rxc2 49. Rxc2 Bxc2
0-1

[Event "1800-2200 10 Player Round Robin"]
[Site "SchemingMind.com"]
[Date "2012.04.07"]
[Round "-"]
[White "Greg Magne"]
[Black "lipekhetman"]
[Result "0-1"]
[WhiteCountry "CAN"]
[BlackCountry "POL"]
[WhiteElo "1701"]
[WhiteRD "93"]
[BlackElo "2023"]
[BlackRD "79"]
[GameID "307779"]

1. e4 c5 2. Nf3 e6 3. d4 cxd4 4. Nxd4 Nf6 5. Nc3 Nc6 6. Ndb5 Bb4 7. Nd6+ Ke7 8. Bf4 e5 9. Nf5+ Kf8 10. Bd2 d5
11. f3 dxe4 12. fxe4 Nxe4 13. Nxe4 Bxf5 14. Bd3 Bxe4 15. Bxb4+ Nxb4 16. O-O Nxd3 17. cxd3 Bc6 18. Qh5 f6 19. Qxe5 Qd5 20. Qg3 Re8
21. Rf2 Kf7
0-1

[Event "1800-2200 10 Player Round Robin"]
[Site "SchemingMind.com"]
[Date "2012.04.08"]
[Round "-"]
[White "e_castle3"]
[Black "lipekhetman"]
[Result "0-1"]
[WhiteCountry "PHI"]
[BlackCountry "POL"]
[WhiteElo "1883"]
[WhiteRD "64"]
[BlackElo "2073"]
[BlackRD "66"]
[GameID "307780"]

1. e4 c5 2. Nf3 e6 3. g3 Nf6 4. d3 Be7 5. Bg2 O-O 6. O-O d6 7. c3 Nc6 8. Re1 Qc7 9. Na3 a6 10. Bf4 e5
11. Bd2 Be6 12. Ng5 h6 13. Nf3 Rad8 14. c4 Rb8 15. Nc2 b5 16. b3 Nd4 17. Ncxd4 cxd4 18. Re2 bxc4 19. bxc4 Nd7 20. Qa4 Nc5
21. Qc2 Nxd3 22. Ne1 Nb2 23. Nd3 Nxd3
0-1

[Event "1800-2200 10 Player Round Robin"]
[Site "SchemingMind.com"]
[Date "2012.04.07"]
[Round "-"]
[White "jdcald13"]
[Black "lipekhetman"]
[Result "1/2-1/2"]
[WhiteCountry "USA"]
[BlackCountry "POL"]
[WhiteElo "1987"]
[WhiteRD "63"]
[BlackElo "2135"]
[BlackRD "64"]
[GameID "307781"]

1. c4 e5 2. Nc3 Nf6 3. g3 Nc6 4. Bg2 Be7 5. d3 O-O 6. Nf3 d6 7. O-O Bf5 8. a3 Qd7 9. Re1 Rae8 10. Bd2 Bh3
11. Bh1 Nd4 12. Nxd4 exd4 13. Nb5 d5 14. Nxd4 dxc4 15. Bc3 cxd3 16. Qxd3 c5 17. Nb5 Rd8 18. Rad1 Qe6 19. Qf3 Rxd1 20. Rxd1 Qb3
21. Qd3 Bf5 22. e4 Bxe4 23. Bxe4 Nxe4 24. Re1 Nxc3 25. Rxe7 Qxb5 26. Qxc3 a6 27. Re5 b6 28. b4 f6 29. Re7 Rf7 30. Re4 Kf8
31. Rc4 Rd7 32. bxc5 bxc5 33. Kg2 Rd5 34. Rh4 Rd3 35. Qc4 Qxc4 36. Rxc4 Rd5 37. Kf3 Ke7 38. Ra4 Rd6 39. Ke4 Kd7 40. Rc4 Kc6
41. a4 Kb6 42. f4 Rd4+ 43. Rxd4 cxd4 44. Kxd4 Ka5 45. f5 Kxa4 46. Kc4 a5 47. g4 Ka3 48. Kc3 Ka2 49. Kc2 Ka3=
1/2-1/2

[Event "1800-2200 10 Player Round Robin"]
[Site "SchemingMind.com"]
[Date "2012.04.07"]
[Round "-"]
[White "Majoanis"]
[Black "lipekhetman"]
[Result "0-1"]
[WhiteCountry "CAN"]
[BlackCountry "POL"]
[WhiteElo "1777"]
[WhiteRD "54"]
[BlackElo "2131"]
[BlackRD "62"]
[GameID "307782"]

1. c4 e6 2. Nf3 Nf6 3. g3 Be7 4. Bg2 O-O 5. O-O d5 6. d4 Nbd7 7. Qc2 dxc4 8. Qxc4 c6 9. Nc3 Nb6 10. Qb3 Bd7
11. Rd1 Nfd5 12. e4 Nxc3 13. bxc3 Rc8 14. a4 f5 15. a5 fxe4 16. Ne5 Nd5 17. Bxe4 Qc7 18. f4 Be8 19. f5 exf5 20. Bxd5+ cxd5
21. Qxd5+ Bf7 22. Nxf7 Rxf7 23. Bf4 Qc6 24. Qxc6 Rxc6 25. Bd2 g5 26. Rab1 Rc7 27. Rb5 Kg7 28. Rdb1 Bf6 29. Rf1 Kg6 30. Rfb1 Rfe7
31. d5 Red7 32. R1b3 a6 33. d6 Rxd6
0-1

[Event "1800-2200 10 Player Round Robin"]
[Site "SchemingMind.com"]
[Date "2012.04.08"]
[Round "-"]
[White "smothered mate"]
[Black "lipekhetman"]
[Result "1/2-1/2"]
[WhiteCountry "POL"]
[BlackCountry "POL"]
[WhiteElo "1936"]
[WhiteRD "62"]
[BlackElo "2131"]
[BlackRD "62"]
[GameID "307783"]

1. d4 d5 2. c4 dxc4 3. e4 e5 4. d5 Nf6 5. Qc2 b5 6. a4 c6 7. Bg5 Bb4+ 8. Nc3 Na6 9. dxc6 Nc5 10. Rd1 Qa5
11. Bd2 a6 12. Nf3 Bg4 13. Be2 Bxf3 14. gxf3 Ne6 15. Be3 Rd8 16. Rxd8+ Nxd8 17. axb5 axb5 18. c7 Qxc7 19. O-O Qc6 20. Na2 Bc5
21. b3 Bxe3 22. fxe3 Qc5 23. bxc4 Qxe3+ 24. Rf2 bxc4 25. Qa4+ Nd7 26. Bxc4 Qd4 27. Bb5 Qxa4 28. Bxa4 Ke7 29. Nc3 Nc5 30. Nd5+ Kd6
31. Bc2 Nde6=
1/2-1/2

[Event "1800-2200 10 Player Round Robin"]
[Site "SchemingMind.com"]
[Date "2012.04.07"]
[Round "-"]
[White "Teagy"]
[Black "lipekhetman"]
[Result "0-1"]
[WhiteCountry "ENG"]
[BlackCountry "POL"]
[WhiteElo "1829"]
[WhiteRD "74"]
[BlackElo "2131"]
[BlackRD "62"]
[GameID "307784"]

1. f4 e5 2. e4 d5 3. exd5 exf4 4. Nf3 Nf6 5. Bb5+ c6 6. dxc6 bxc6 7. Bc4 Bd6 8. O-O O-O 9. d4 Bg4 10. Qd3 Nbd7
11. Kh1 g6 12. Nc3 Bf5 13. Qd1 Rb8 14. Bb3 Re8 15. Ne2 Nh5 16. c4 Bg4 17. Bd2 Ndf6 18. h3 Rxe2 19. hxg4 Ng3+ 20. Kg1 Nxg4
21. Re1 Qf8 22. Ng5 Qh6 23. Nh3 Rbe8 24. Rxe2 Nxe2+
0-1

[Event "1800-2200 10 Player Round Robin"]
[Site "SchemingMind.com"]
[Date "2012.04.07"]
[Round "-"]
[White "rookie31"]
[Black "lipekhetman"]
[Result "1-0"]
[WhiteCountry "IND"]
[BlackCountry "POL"]
[WhiteElo "2202"]
[WhiteRD "65"]
[BlackElo "2073"]
[BlackRD "66"]
[GameID "307785"]

1. d4 d5 2. c4 c6 3. Nf3 Nf6 4. Nc3 e6 5. Bg5 Nbd7 6. e3 Qa5 7. Qc2 Bb4 8. Nd2 O-O 9. a3 Re8 10. Be2 dxc4
11. Bxf6 Nxf6 12. Nxc4 Bxc3+ 13. bxc3 Qc7 14. e4 b5 15. e5 Nd5 16. Nd6 Rd8 17. O-O Bb7 18. c4 bxc4 19. Bxc4 Rxd6 20. exd6 Qxd6
21. Bxd5 Qxd5 22. Qc5 Qxc5 23. dxc5 Kf8 24. Rfd1 Ke7 25. Rd6 Rc8 26. Rad1 Rc7 27. f4 Ba6 28. R1d4 Bb5 29. Kf2 a5 30. a4 Ba6
31. Rd8 Rb7 32. Ra8 Rb2+ 33. Ke3 Rb3+ 34. Kd2 Bf1 35. Ra7+ Kf6 36. Rdd7 Kf5 37. Rxf7+ Ke4 38. Rxg7 Ra3 39. Rxa5 Bxg2 40. Rxh7 Kxf4
41. Kc2 Be4+ 42. Kb2 Re3 43. Rh8 Ke5 44. h4 Kd4 45. Raa8 Re2+ 46. Kb3 Kxc5 47. Rhg8 Kd4 48. Rg4 Re3+ 49. Kb4 c5+ 50. Ka5 c4
51. h5 c3 52. Rc8 c2 53. Rxc2
1-0

[Event "1800-2200 10 Player Round Robin"]
[Site "SchemingMind.com"]
[Date "2012.04.10"]
[Round "-"]
[White "emvarela"]
[Black "lipekhetman"]
[Result "0-1"]
[WhiteCountry "ARG"]
[BlackCountry "POL"]
[WhiteElo "1697"]
[WhiteRD "45"]
[BlackElo "2135"]
[BlackRD "64"]
[GameID "307786"]

1. e4 e5 2. Nf3 Nf6 3. Nxe5 d6 4. Nf3 Nxe4 5. d4 d5 6. Bd3 Be7 7. O-O Bf5 8. Bxe4 dxe4 9. Ne5 Nc6 10. Nxc6 bxc6
11. c3 O-O 12. Be3 Rb8 13. b3 Bd6 14. f3 Qh4 15. f4 Rfe8 16. g3 Qh3 17. Qe2 Bg4 18. Qg2 Qh5 19. Nd2 Bh3 20. Qf2 Bxf1
21. Rxf1 Qa5 22. Nb1 f5 23. Qe2 Kf8 24. Rf2 Be7 25. Qh5 Kg8 26. g4 g6 27. Qh3 Bf6 28. gxf5 Qxf5 29. Qxf5 gxf5 30. Nd2 Kf7
31. Nc4 Rg8+ 32. Rg2 Rxg2+ 33. Kxg2 Rg8+ 34. Kf2 Ke6 35. Na5 c5 36. Nc6 Kd5 37. Nxa7 cxd4 38. Bxd4 Bxd4+ 39. cxd4 c6 40. Ke3 Ra8
0-1